| 000 | 00579nam a22001937a 4500 | ||
|---|---|---|---|
| 005 | 20251108171814.0 | ||
| 008 | 250721s1994 xx 000 0 ara d | ||
| 082 | 1 | 4 | _a401/سيد |
| 100 | 1 | _aراشد، سيد فرج | |
| 245 | 1 | 0 | _aالكتابة من أقلام الساميين إلى الخط العربي / |
| 264 | 1 |
_aالقاهرة : _bمكتبة الخانجي، _c1994. |
|
| 300 | _a326ص | ||
| 650 | 1 | 7 | _aاللغات |
| 650 | 1 | 7 | _aالكتابة |
| 650 | 1 | 7 | _aاللغة العربية |
| 650 | 1 | 7 | _aالخط العربي |
| 942 |
_2ddc _cBK |
||
| 999 |
_c63006 _d63006 |
||